Life cyclye costing for facilities management (Record no. 106177)

MARC details
000 -LEADER
fixed length control field 00375cam a2200145 4500
001 - CONTROL NUMBER
control field L135736
008 - FIXED-LENGTH DATA ELEMENTS--GENERAL INFORMATION
fixed length control field 061205n2003 000 0 eng u
020 ## - INTERNATIONAL STANDARD BOOK NUMBER
International Standard Book Number 0876297025
035 ## - SYSTEM CONTROL NUMBER
System control number (Sirsi) u135736
100 ## - MAIN ENTRY--PERSONAL NAME
Personal name Dell'isloa, Alphonse J
245 ## - TITLE STATEMENT
Title Life cyclye costing for facilities management
260 ## - PUBLICATION, DISTRIBUTION, ETC.
Place of publication, distribution, etc. Reed Construction Data
Date of publication, distribution, etc. 2003
350 ## - PRICE (NR) (BK AM CF MU VM SE) [OBSOLETE]
Price 53.00
942 ## - ADDED ENTRY ELEMENTS (KOHA)
Suppress in OPAC 0

No items available.